Canadian Experience in Development of Green Economy

Prístupy k meraniu výkonnosti pri rozvoji zelenej a modrej ekonomiky - kanadské skúsenosti. Kľúčové ukazovatele na vyhodnotenie účinkov prechodu na ekologické hospodárstvo v Kanade. Analýza rozvoja kanadskej modrej ekonomiky.

Saved in:
Bibliographic Details
Main Author: Dziura, Boris, 1976-
Other Authors: Vovk, Marta, Braga, Denys
Format: Book Chapter
Language:English
Subjects:
Tags: Add Tag
No Tags, Be the first to tag this record!

MARC

LEADER 00000naa a2200000 4500
001 0239802
005 20240502083643.5
041 0 |a eng 
044 |a IN 
245 1 0 |a Canadian Experience in Development of Green Economy  |c Boris Dziura, Marta Vovk, Denys Braga 
520 |a Prístupy k meraniu výkonnosti pri rozvoji zelenej a modrej ekonomiky - kanadské skúsenosti. Kľúčové ukazovatele na vyhodnotenie účinkov prechodu na ekologické hospodárstvo v Kanade. Analýza rozvoja kanadskej modrej ekonomiky. 
610 2 0 |a ekonomika modrá 
610 2 0 |a ekonomika environmentálna 
610 2 0 |a rozvoj trvalo udržateľný 
610 2 0 |a Kanada 
100 1 |a Dziura, Boris, 1976- 
700 1 |a Vovk, Marta 
700 1 |a Braga, Denys